000
00328 a2200157 4500
001
182869
020
_a
040
_c
Magnum
100
_a
Vieira, Thereza Freire
240
1
0
_a
Romance do cotidiano
_l
por
245
1
0
_a
Romance do cotidiano
300
_a
174
362
0
_a
1990
697
_a
LITERATURA GERAL
942
_c
BK
999
_c
182869
_d
182869